[Event "4NCL Online Division 6"]
[Site "online"]
[Date "2020.10.06"]
[Round "4.6"]
[White "New, David"]
[Black "Turner, Ben"]
[Result "0-1"]
[WhiteElo "1193"]
[BlackElo "1487"]
[PlyCount "76"]
[EventDate "2020.10.06"]
[WhiteTeam "Phones Pals Rooks"]
[BlackTeam "MCS Oxford B"]

1. e4 c5 2. Nc3 d6 3. f4 Nc6 4. Bb5 Bd7 5. Nf3 e6 6. O-O g6 7. a4 Bg7 8. d3 a6
9. Bxc6 Bxc6 10. Qe1 Ne7 11. Kh1 O-O 12. Qh4 d5 13. f5 exf5 14. Bh6 fxe4 15.
Ng5 Nf5 16. Rxf5 gxf5 17. Bxg7 Kxg7 18. Qxh7+ Kf6 19. Qh6+ Ke7 20. Qg7 Kd7 21.
Nh7 Rh8 22. Qxf7+ Kd6 23. Qxf5 Qh4 24. Qg6+ Kc7 25. Qg7+ Kb6 26. a5+ Ka7 27.
Qc7 Rxh7 28. Qb6+ Kb8 29. h3 Rc7 30. Qxc5 Qe7 31. Qe3 exd3 32. Qxd3 Kc8 33. Qg3
Rd7 34. Re1 Qd6 35. Re8+ Kc7 36. Qxd6+ Kxd6 37. Rxa8 Rg7 38. Rd8+ Kc5 0-1

[Event "4NCL Online Division 6"]
[Site "online"]
[Date "2020.10.06"]
[Round "4.7"]
[White "Li, Reya"]
[Black "Vadalia, Jainill"]
[Result "1/2-1/2"]
[WhiteElo "1510"]
[BlackElo "1140"]
[PlyCount "167"]
[EventDate "2020.10.06"]
[WhiteTeam "MCS Oxford B"]
[BlackTeam "Phones Pals Rooks"]

1. e4 e5 2. Nc3 Bc5 3. g3 Nc6 4. Bg2 d6 5. Nge2 Nf6 6. Na4 Bd4 7. c3 Bb6 8. O-O
O-O 9. Nxb6 axb6 10. d4 exd4 11. cxd4 Re8 12. Nc3 Bg4 13. f3 Bd7 14. Be3 Qc8
15. Bg5 Nh5 16. g4 h6 17. Bxh6 gxh6 18. gxh5 Kh7 19. Nd5 Qd8 20. Qd3 Kh8 21.
Qe3 Kh7 22. Qf4 Rf8 23. Qf6 Rc8 24. Kf2 Be6 25. Rg1 Qxf6 26. Nxf6+ Kg7 27. Nd5
Nxd4 28. Rad1 c5 29. Nxb6 Rc6 30. Nd5 Bxd5 31. exd5 Rb6 32. Rd2 Kf6 33. Re1 Ra8
34. a3 Rb3 35. Re4 Kg5 36. Re7 f5 37. Rd7 Rb6 38. Kg3 f4+ 39. Kf2 Rf8 40. Rg7+
Kxh5 41. Bh3 Rb3 42. Bg4+ Kh4 43. Rg6 h5 44. Rh6 Kg5 45. Rxh5+ Kg6 46. h4 Nxf3
47. Bxf3 Rxf3+ 48. Kxf3 Kxh5 49. Re2 Rf5 50. Ke4 Re5+ 51. Kf3 Rxe2 52. Kxe2
Kxh4 53. Kf3 Kg5 54. a4 Kf5 55. b3 Ke5 56. a5 Kxd5 57. Kxf4 Kd4 58. Kf5 Kc3 59.
Ke6 Kxb3 60. Kxd6 c4 61. Kc7 c3 62. Kxb7 c2 63. a6 c1=Q 64. a7 Qh1+ 65. Kb8
Qh8+ 66. Kb7 Qg7+ 67. Kb8 Qf8+ 68. Kb7 Qe7+ 69. Kb8 Qd6+ 70. Kb7 Qb4+ 71. Ka6
Qa3+ 72. Kb7 Qb4+ 73. Ka6 Qd6+ 74. Kb7 Qd7+ 75. Kb8 Qb5+ 76. Ka8 Qe8+ 77. Kb7
Qe7+ 78. Kb8 Qd8+ 79. Kb7 Qd5+ 80. Kb8 Qb5+ 81. Ka8 Qc6+ 82. Kb8 Qb6+ 83. Ka8
Qd6 84. Kb7 1/2-1/2

[Event "4NCL Online Division 6"]
[Site "online"]
[Date "2020.10.06"]
[Round "4.8"]
[White "McShane, James"]
[Black "Bridson, Ewan"]
[Result "0-1"]
[WhiteElo "1100"]
[BlackElo "1502"]
[PlyCount "106"]
[EventDate "2020.10.06"]
[WhiteTeam "Phones Pals Rooks"]
[BlackTeam "MCS Oxford B"]

1. e4 e5 2. Nf3 Nc6 3. Bc4 Nf6 4. Ng5 d5 5. exd5 Na5 6. Bd3 h6 7. Ne4 Nxd5 8.
Nbc3 Nf4 9. Qf3 Nxd3+ 10. Qxd3 Qxd3 11. cxd3 c6 12. a3 b5 13. b4 Nb3 14. Rb1
Nxc1 15. Rxc1 Bf5 16. O-O Rd8 17. Rfe1 Rxd3 18. Nc5 Bxc5 19. bxc5 f6 20. Re2
O-O 21. Rce1 Rfd8 22. Nb1 R3d5 23. h3 Bxb1 24. Rxb1 Rxd2 25. Rxd2 Rxd2 26. Rc1
Rd3 27. a4 bxa4 28. Rb1 a3 29. Kh2 a2 30. Ra1 Ra3 31. Kg1 Kf7 32. Kf1 Ke6 33.
Ke2 Kd5 34. Kd2 Kxc5 35. Kc2 Kb4 36. Kb2 c5 37. g3 c4 38. Kc2 Rc3+ 39. Kb2 Rb3+
40. Kc2 Ka3 41. h4 Rb1 42. Rxb1 axb1=Q+ 43. Kxb1 Kb3 44. Kc1 c3 45. f3 a5 46.
g4 a4 47. g5 hxg5 48. h5 a3 49. h6 gxh6 50. f4 exf4 51. Kb1 f3 52. Kc1 f2 53.
Kd1 f1=Q# 0-1

[Event "4NCL Online Division 6"]
[Site "online"]
[Date "2020.10.06"]
[Round "4.15"]
[White "Renshaw, Ian"]
[Black "Reynolds, D Ian W"]
[Result "0-1"]
[WhiteElo "1525"]
[BlackElo "1915"]
[PlyCount "88"]
[EventDate "2020.10.06"]
[WhiteTeam "Cornish Wreckers"]
[BlackTeam "Redbridge All Sorts 1"]

1. e4 e5 2. Nf3 Nc6 3. Bb5 Nge7 4. c3 f6 5. O-O d5 6. d3 a6 7. Ba4 dxe4 8. dxe4
Be6 9. Bb3 Qxd1 10. Rxd1 Bg4 11. Nbd2 O-O-O 12. h3 Bh5 13. g4 Bg6 14. Nh4 Kb8
15. Nxg6 Nxg6 16. Nf3 Rxd1+ 17. Bxd1 Bc5 18. b4 Ba7 19. a4 Nd8 20. Bb3 Re8 21.
Be3 Bxe3 22. fxe3 c6 23. Rd1 Kc7 24. Kf2 Re7 25. h4 Nf7 26. h5 Nf8 27. Nh4 g6
28. hxg6 hxg6 29. Nf3 Nd6 30. Nd2 Nh7 31. c4 Ng5 32. Bc2 b6 33. c5 bxc5 34.
bxc5 Nb7 35. Nb3 Rh7 36. Kg2 Rh4 37. Kg3 Rh3+ 38. Kg2 Rxe3 39. Bd3 Nxe4 40. Nc1
Nbxc5 41. Bxe4 Rxe4 42. Kf3 Rxa4 43. Ne2 Ra3+ 44. Kg2 Ra2 0-1

[Event "4NCL Online Division 6"]
[Site "online"]
[Date "2020.10.06"]
[Round "4.16"]
[White "Sinha, Anup"]
[Black "Doubleday, Peter"]
[Result "1/2-1/2"]
[WhiteElo "1712"]
[BlackElo "1412"]
[PlyCount "144"]
[EventDate "2020.10.06"]
[WhiteTeam "Redbridge All Sorts 1"]
[BlackTeam "Cornish Wreckers"]

1. e4 c6 2. Nf3 d5 3. exd5 cxd5 4. d4 Bf5 5. Bb5+ Nc6 6. O-O e6 7. c3 Bd6 8.
Bd3 Bxd3 9. Qxd3 Nge7 10. Bg5 Qb6 11. Qc2 Rc8 12. Nbd2 Nxd4 13. Nxd4 Qxd4 14.
Be3 Qe5 15. Nf3 Qf5 16. Qxf5 Nxf5 17. Bxa7 O-O 18. Nd4 Nxd4 19. Bxd4 Rc6 20. f4
Bc5 21. Bxc5 Rxc5 22. a4 Ra8 23. f5 Rc4 24. a5 Rc5 25. b4 Rxc3 26. fxe6 fxe6
27. Rac1 Rac8 28. Rce1 Re8 29. Rb1 Rf8 30. Rfc1 Rfc8 31. Rf1 e5 32. Rfd1 d4 33.
Kf2 Re3 34. Rd2 Rcc3 35. b5 Rb3 36. Rbb2 Rxb2 37. Rxb2 Rc3 38. a6 bxa6 39. bxa6
Ra3 40. Rb8+ Kf7 41. Ra8 e4 42. a7 Kg6 43. Ke2 Ra2+ 44. Ke1 d3 45. Re8 Rxa7 46.
Rxe4 Rd7 47. Kd2 Kf5 48. Ra4 Ke5 49. Rb4 h6 50. Ra4 Rd6 51. Rb4 g5 52. Ra4 Rd4
53. Ra6 h5 54. g3 h4 55. Ra5+ Kf6 56. gxh4 Rxh4 57. Kxd3 Rxh2 58. Ke4 Rf2 59.
Ra3 Kg6 60. Rg3 Rf4+ 61. Ke3 Kf5 62. Rf3 Rxf3+ 63. Kxf3 Kg6 64. Kg4 Kf6 65. Kg3
Kf5 66. Kf3 g4+ 67. Kg3 Kg5 68. Kf2 Kh4 69. Kg2 g3 70. Kg1 Kh3 71. Kh1 g2+ 72.
Kg1 Kg3 1/2-1/2

[Event "4NCL Online Division 6"]
[Site "online"]
[Date "2020.10.06"]
[Round "4.17"]
[White "Evdokimova, Maria"]
[Black "Wilson, Michael GA"]
[Result "0-1"]
[WhiteElo "1390"]
[BlackElo "1675"]
[PlyCount "118"]
[EventDate "2020.10.06"]
[WhiteTeam "Cornish Wreckers"]
[BlackTeam "Redbridge All Sorts 1"]

1. d4 c5 2. Nf3 e6 3. e3 Nf6 4. Bd3 Nc6 5. O-O d5 6. Bb5 a6 7. Bxc6+ bxc6 8.
Ne5 Qc7 9. Nc3 Bd6 10. f4 O-O 11. Ng4 Nxg4 12. Qxg4 e5 13. Qg3 cxd4 14. Ne2
dxe3 15. Bxe3 d4 16. Bd2 c5 17. b3 e4 18. c4 a5 19. a4 Bb7 20. h4 f5 21. Qh3 e3
22. Be1 Ra6 23. Bg3 Rf6 24. Rad1 Qf7 25. h5 Rh6 26. Bh4 Qxh5 27. Ng3 Qxh4 28.
Qxh4 Rxh4 29. Nxf5 Rg4 30. g3 g6 31. Nh6+ Kg7 32. Nxg4 h5 33. Nxe3 dxe3 34.
Rde1 Be4 35. Rxe3 Bf5 36. Rd1 Kf6 37. Re8 Rb6 38. Rd8 Be7 39. R1d5 Rxb3 40. Ra8
Be4 41. Ra6+ Kf7 42. Re5 Bd3 43. Re3 Bxc4 44. Rxb3 Bxb3 45. Rxa5 c4 46. Kf1 Bb4
47. Ra7+ Ke8 48. a5 c3 49. Ra8+ Kd7 50. a6 c2 51. Ra7+ Kc6 52. Kg2 c1=Q 53. Rg7
Qb2+ 54. Kh3 Qxg7 55. Kh4 Qf6+ 56. Kh3 Be6+ 57. Kg2 Qb2+ 58. Kf1 Bc5 59. Ke1
Bc4 0-1

[Event "4NCL Online Division 6"]
[Site "online"]
[Date "2020.10.06"]
[Round "4.18"]
[White "Catabay, Rezin C"]
[Black "Brown, Hugh"]
[Result "1-0"]
[WhiteElo "1352"]
[BlackElo "1345"]
[PlyCount "55"]
[EventDate "2020.10.06"]
[WhiteTeam "Redbridge All Sorts 1"]
[BlackTeam "Cornish Wreckers"]

1. e4 e5 2. Nf3 Nf6 3. Nxe5 Nc6 4. Nxc6 dxc6 5. Nc3 Bc5 6. Be2 O-O 7. O-O Be6
8. d3 Qd7 9. Be3 Bxe3 10. fxe3 Ng4 11. Bxg4 Bxg4 12. Qe1 f5 13. h3 Bh5 14. exf5
Rf6 15. Ne4 Rh6 16. Qg3 Qd8 17. Ng5 Qd6 18. Qxd6 cxd6 19. Rf4 d5 20. d4 Be2 21.
Re1 Ba6 22. e4 Re8 23. e5 b6 24. Ne6 Re7 25. Kh2 Bc8 26. Ref1 Bxe6 27. fxe6 Re8
28. e7 1-0

[Event "4NCL Online Division 6"]
[Site "online"]
[Date "2020.10.06"]
[Round "4.25"]
[White "Keehner, John R"]
[Black "Young, Andy"]
[Result "0-1"]
[WhiteElo "1667"]
[BlackElo "1472"]
[PlyCount "70"]
[EventDate "2020.10.06"]
[WhiteTeam "Redbridge All Sorts 2"]
[BlackTeam "Lerryn Clowns"]

1. e4 c6 2. d4 d5 3. Nc3 dxe4 4. Nxe4 Bf5 5. Ng3 Bg6 6. Nf3 e6 7. Bd3 Nd7 8. c3
Bd6 9. Be3 Qc7 10. Qd2 Ngf6 11. Ng5 Ng4 12. N5e4 Nxe3 13. Nxd6+ Qxd6 14. Qxe3
O-O 15. O-O e5 16. Bxg6 Qxg6 17. dxe5 Rfe8 18. Rfe1 Nxe5 19. Rad1 f6 20. Qe4
Qxe4 21. Rxe4 Rad8 22. Rde1 Kf7 23. f4 Nd3 24. Rxe8 Rxe8 25. Rxe8 Kxe8 26. Nf5
Nxb2 27. Nd6+ Kd7 28. Nxb7 Nd3 29. g3 g5 30. fxg5 fxg5 31. g4 c5 32. Na5 Kd6
33. Kf1 Kd5 34. a4 Nb2 35. c4+ Nxc4 0-1

[Event "4NCL Online Division 6"]
[Site "online"]
[Date "2020.10.06"]
[Round "4.26"]
[White "Jenkins, Simon"]
[Black "Catabay, Mae Katelyn Rose"]
[Result "0-1"]
[WhiteElo "1472"]
[BlackElo "1525"]
[PlyCount "60"]
[EventDate "2020.10.06"]
[WhiteTeam "Lerryn Clowns"]
[BlackTeam "Redbridge All Sorts 2"]

1. f4 d5 2. Nf3 c5 3. e3 Nc6 4. Bb5 Nf6 5. Bxc6+ bxc6 6. O-O e6 7. Ne5 Qc7 8.
g4 Bd6 9. d4 Ba6 10. Rf2 Ne4 11. Rg2 cxd4 12. exd4 c5 13. c3 O-O 14. Nd2 f6 15.
Qa4 Bb7 16. Nxe4 dxe4 17. Nc4 Bxf4 18. Bxf4 Qxf4 19. Rf1 Qc7 20. Ne3 cxd4 21.
cxd4 Qb6 22. Qc4 Ba6 23. Nd5 Bxc4 24. Nxb6 Bxf1 25. Nxa8 Bxg2 26. Nc7 Bf3 27.
Nxe6 Rc8 28. d5 e3 29. h3 Rc1+ 30. Kh2 e2 0-1

[Event "4NCL Online Division 6"]
[Site "online"]
[Date "2020.10.06"]
[Round "4.27"]
[White "White, Nigel"]
[Black "Knight, Steven"]
[Result "1-0"]
[WhiteElo "1442"]
[BlackElo "1495"]
[PlyCount "31"]
[EventDate "2020.10.06"]
[WhiteTeam "Redbridge All Sorts 2"]
[BlackTeam "Lerryn Clowns"]

1. e4 e5 2. Nf3 Nc6 3. Bc4 h6 4. d4 exd4 5. O-O Bc5 6. c3 dxc3 7. Bxf7+ Kf8 8.
Nxc3 Nf6 9. e5 Kxf7 10. exf6 Qxf6 11. Qd5+ Qe6 12. Qxc5 d6 13. Qh5+ Kg8 14. Re1
Qc4 15. Re8+ Kh7 16. Ng5# 1-0

[Event "4NCL Online Division 6"]
[Site "online"]
[Date "2020.10.06"]
[Round "4.28"]
[White "Reid, Mark"]
[Black "Toogood, Peter R"]
[Result "1-0"]
[WhiteElo "1360"]
[BlackElo "1262"]
[PlyCount "123"]
[EventDate "2020.10.06"]
[WhiteTeam "Lerryn Clowns"]
[BlackTeam "Redbridge All Sorts 2"]

1. d4 d5 2. c4 dxc4 3. e3 e6 4. Bxc4 Nf6 5. Nf3 Nc6 6. O-O a6 7. Nc3 b5 8. Be2
Be7 9. a3 O-O 10. Bd2 Bb7 11. Rc1 Na7 12. Qc2 c6 13. e4 Rc8 14. b4 Rc7 15. Bd3
Ne8 16. e5 f5 17. exf6 Nxf6 18. Rfe1 Bc8 19. Bg5 g6 20. Bh6 Bd6 21. Bxf8 Qxf8
22. Ne4 Nxe4 23. Bxe4 Bd7 24. Ne5 Bxe5 25. dxe5 Qe8 26. Qc5 Kf7 27. Re3 Kg7 28.
Rec3 Kg8 29. Qb6 Qc8 30. Qe3 Kg7 31. Qg5 Be8 32. Rf3 Bf7 33. Qf6+ Kg8 34. h3
Qe8 35. Qg5 Qe7 36. Qxe7 Rxe7 37. Rfc3 Be8 38. Rc5 Rc7 39. Bf3 Kf7 40. Rd1 Ke7
41. Bg4 Bd7 42. Rc2 h5 43. Bf3 Ke8 44. Be4 Kf7 45. Rcd2 Be8 46. Rd6 Ke7 47. Kh2
Nc8 48. R6d3 Nb6 49. Rc3 Nc4 50. Rdc1 Nxe5 51. f4 Nc4 52. Bd3 Nb2 53. Be2 Na4
54. R3c2 Nb6 55. g4 Nd5 56. f5 hxg4 57. hxg4 Ne3 58. Rc3 Nd5 59. Rc5 gxf5 60.
gxf5 exf5 61. Bf3 Kd6 62. Bxd5 1-0

[Event "4NCL Online Division 6"]
[Site "online"]
[Date "2020.10.06"]
[Round "4.35"]
[White "Hillman, Graham"]
[Black "Frostick, Helen M"]
[Result "0-1"]
[WhiteElo "1690"]
[BlackElo "1855"]
[PlyCount "72"]
[EventDate "2020.10.06"]
[WhiteTeam "Wessex Some Stars E"]
[BlackTeam "Farnham B"]

1. e4 d6 2. b3 Nf6 3. Nc3 g6 4. Bb2 Bg7 5. d3 e5 6. Nf3 Nbd7 7. Be2 O-O 8. O-O
Nc5 9. Rb1 b6 10. d4 exd4 11. Nxd4 Bb7 12. f3 a6 13. b4 Ne6 14. Nxe6 fxe6 15.
Bc4 Qe7 16. b5 axb5 17. Nxb5 Kh8 18. Nd4 d5 19. exd5 exd5 20. Re1 Qc5 21. Bb3
Rfe8 22. Kh1 Rxe1+ 23. Qxe1 Re8 24. Qd2 c6 25. Re1 Qf8 26. Ne6 Qf7 27. Nxg7
Rxe1+ 28. Qxe1 Kxg7 29. Qe5 c5 30. Ba4 d4 31. Bc1 h6 32. Be8 Qxe8 33. Qc7+ Qd7
34. Qe5 g5 35. h4 Qe8 36. hxg5 Qxe5 0-1

[Event "4NCL Online Division 6"]
[Site "online"]
[Date "2020.10.06"]
[Round "4.36"]
[White "Pothecary, James"]
[Black "Doyle, Jamie"]
[Result "1-0"]
[WhiteElo "1645"]
[BlackElo "1667"]
[PlyCount "107"]
[EventDate "2020.10.06"]
[WhiteTeam "Farnham B"]
[BlackTeam "Wessex Some Stars E"]

1. e4 e5 2. f4 d6 3. Nf3 Nc6 4. d3 Bg4 5. c3 Nf6 6. Be2 Be7 7. O-O O-O 8. h3
Bd7 9. fxe5 dxe5 10. Be3 Qc8 11. Kh2 h6 12. Nbd2 Bd6 13. Nc4 Re8 14. Nxd6 cxd6
15. Nh4 d5 16. Nf5 Bxf5 17. Rxf5 dxe4 18. Rxf6 gxf6 19. dxe4 Kh7 20. Bg4 Qd8
21. Bf5+ Kg7 22. Qh5 Rh8 23. Qg4+ Kf8 24. Rd1 Qe7 25. Rd7 Qe8 26. Bc5+ Ne7 27.
Bxe7+ Qxe7 28. Rxe7 Kxe7 29. Qe2 Rhg8 30. Qb5 b6 31. Qb4+ Ke8 32. Qd6 Rd8 33.
Qxf6 Rd2 34. Qxe5+ Kf8 35. Bg4 Rxb2 36. a3 Rg6 37. Qh8+ Ke7 38. Qe5+ Kf8 39.
Qd5 a5 40. c4 Rc2 41. Qd3 Rb2 42. Bf3 Ra2 43. e5 Kg7 44. Bd5 Rf2 45. Qd4 Rc2
46. Be4 Rxc4 47. Qxc4 Re6 48. Qd4 Kf8 49. Bd5 Rg6 50. Qf4 Rg7 51. e6 b5 52.
exf7 b4 53. axb4 axb4 54. Qd6# 1-0

[Event "4NCL Online Division 6"]
[Site "online"]
[Date "2020.10.06"]
[Round "4.37"]
[White "Sandy, Paul"]
[Black "Warren, Archie"]
[Result "1-0"]
[WhiteElo "1622"]
[BlackElo "1337"]
[PlyCount "59"]
[EventDate "2020.10.06"]
[WhiteTeam "Wessex Some Stars E"]
[BlackTeam "Farnham B"]

1. e4 c5 2. Bc4 e6 3. d3 Nc6 4. Nf3 Nf6 5. Bg5 Be7 6. c3 d5 7. exd5 exd5 8. Bb5
Bd7 9. Qe2 O-O 10. O-O a6 11. Ba4 Re8 12. Qd1 b5 13. Bc2 Qc7 14. Nbd2 h6 15.
Bh4 Qf4 16. Bg3 Qg5 17. Nxg5 hxg5 18. Nf3 Nh7 19. d4 c4 20. Bxh7+ Kxh7 21. Qc2+
g6 22. Rae1 Bf5 23. Qd2 Bd3 24. Nxg5+ Bxg5 25. Qxg5 Bxf1 26. Rxe8 Rxe8 27. Kxf1
Kg7 28. Qxd5 Re6 29. Qf3 Kg8 30. d5 1-0

[Event "4NCL Online Division 6"]
[Site "online"]
[Date "2020.10.06"]
[Round "4.38"]
[White "Franklin, Tony"]
[Black "Deacon, Matthew"]
[Result "0-1"]
[WhiteElo "1300"]
[BlackElo "1607"]
[PlyCount "60"]
[EventDate "2020.10.06"]
[WhiteTeam "Farnham B"]
[BlackTeam "Wessex Some Stars E"]

1. Nf3 Nf6 2. g3 g6 3. Bg2 Bg7 4. c4 c5 5. O-O O-O 6. d3 Nc6 7. Nbd2 d5 8. Re1
Qc7 9. e4 dxe4 10. Nxe4 Nxe4 11. Rxe4 Bf5 12. Re1 Rad8 13. Bf4 e5 14. Bxe5 Nxe5
15. Nxe5 Bxe5 16. Bd5 b6 17. Qc2 Bg7 18. Rad1 Rfe8 19. Rxe8+ Rxe8 20. Qa4 Bd7
21. Qc2 Bd4 22. b3 Bg4 23. Rf1 Re2 24. Qb1 Bh3 25. Bg2 Bxg2 26. Kxg2 Qc6+ 27.
Kg1 Qf3 28. Qd1 Bxf2+ 29. Rxf2 Qxf2+ 30. Kh1 Qxh2# 0-1

[Event "4NCL Online Division 6"]
[Site "online"]
[Date "2020.10.06"]
[Round "4.45"]
[White "Green, George D A"]
[Black "Whiteside, Robert"]
[Result "0-1"]
[WhiteElo "1825"]
[BlackElo "1792"]
[PlyCount "20"]
[EventDate "2020.10.06"]
[WhiteTeam "Crowthorne 2"]
[BlackTeam "MK Phoenix 3"]

1. c4 e5 2. Nc3 Nf6 3. Nf3 Nc6 4. d4 e4 5. Ng5 Bb4 6. d5 Ne5 7. Qd4 d6 8. Ngxe4
Bf5 9. Nxf6+ Qxf6 10. Bf4 Nf3+ 0-1

[Event "4NCL Online Division 6"]
[Site "online"]
[Date "2020.10.06"]
[Round "4.46"]
[White "Ward, George"]
[Black "Fell, Colin C"]
[Result "1/2-1/2"]
[WhiteElo "1772"]
[BlackElo "1622"]
[PlyCount "110"]
[EventDate "2020.10.06"]
[WhiteTeam "MK Phoenix 3"]
[BlackTeam "Crowthorne 2"]

1. c3 Nf6 2. d3 d5 3. h3 g6 4. g4 Bg7 5. Bg2 e5 6. Nd2 Nc6 7. Nf1 Be6 8. Ng3
Qd6 9. Nf3 e4 10. dxe4 dxe4 11. Qxd6 cxd6 12. Ng5 Bd5 13. N5xe4 Nxe4 14. Bxe4
Be6 15. Be3 d5 16. Bc2 d4 17. cxd4 Bxd4 18. Bxd4 Nxd4 19. Be4 O-O-O 20. O-O h5
21. gxh5 Bxh3 22. Rfc1+ Kb8 23. hxg6 fxg6 24. Bxg6 Rhg8 25. Be4 Nxe2+ 26. Kh2
Nxc1 27. Rxc1 Rh8 28. Kg1 Rd2 29. Rb1 Rhd8 30. Bf3 Rf8 31. Be2 Bf5 32. Nxf5
Rxf5 33. Kf1 Re5 34. Bg4 Rb5 35. Rc1 a5 36. a4 Rbxb2 37. Rc8+ Ka7 38. Rf8 Rd5
39. Kg2 Rd4 40. Kg3 Rxa4 41. f4 Rbb4 42. Bf3 Rxf4 43. Rxf4 Rxf4 44. Kxf4 b5 45.
Ke3 Kb6 46. Kd2 Kc5 47. Kc2 Kd4 48. Kb3 Kc5 49. Ka3 Kc4 50. Be2+ Kc5 51. Bd3
b4+ 52. Ka4 Kd5 53. Kxa5 b3 54. Kb4 b2 55. Kb3 b1=Q+ 1/2-1/2

[Event "4NCL Online Division 6"]
[Site "online"]
[Date "2020.10.06"]
[Round "4.47"]
[White "Leadbetter, Scott"]
[Black "Cox, Lucian"]
[Result "1-0"]
[WhiteElo "1607"]
[BlackElo "1600"]
[PlyCount "67"]
[EventDate "2020.10.06"]
[WhiteTeam "Crowthorne 2"]
[BlackTeam "MK Phoenix 3"]

1. c4 Nf6 2. d4 g6 3. Nc3 Bg7 4. e4 d6 5. Nf3 O-O 6. h3 e5 7. d5 Nbd7 8. Be3
Nc5 9. Bxc5 dxc5 10. Qc2 Ne8 11. Be2 f5 12. exf5 Bxf5 13. Bd3 Nd6 14. Ne4 Nxe4
15. Bxe4 Bxe4 16. Qxe4 Qe7 17. O-O Rf4 18. Qe2 e4 19. Rab1 Re8 20. Nd2 e3 21.
fxe3 Rxf1+ 22. Nxf1 Qe4 23. Re1 Bh6 24. b3 Kf7 25. Qf3+ Kg7 26. Qg3 c6 27. dxc6
Qxc6 28. Qf3 Qa6 29. Rd1 Qxa2 30. Rd7+ Kh8 31. Qf7 Bxe3+ 32. Kh1 Qxg2+ 33. Kxg2
Re7 34. Qf8# 1-0

[Event "4NCL Online Division 6"]
[Site "online"]
[Date "2020.10.06"]
[Round "4.48"]
[White "Wayne, Steven"]
[Black "Adhikari, Aanya"]
[Result "0-1"]
[WhiteElo "1307"]
[BlackElo "1015"]
[PlyCount "76"]
[EventDate "2020.10.06"]
[WhiteTeam "MK Phoenix 3"]
[BlackTeam "Crowthorne 2"]

1. d4 d5 2. Bf4 Nc6 3. e3 Nf6 4. Bd3 Bg4 5. Be2 Bf5 6. h3 Nb4 7. Bd3 Nxd3+ 8.
cxd3 e6 9. g4 Bg6 10. g5 Nd7 11. Nc3 Bb4 12. Qb3 Bd6 13. Bxd6 cxd6 14. O-O-O
Rb8 15. f4 Bh5 16. Re1 Bg6 17. e4 dxe4 18. dxe4 Qb6 19. Qxb6 Nxb6 20. Nf3 Bh5
21. Nh4 Nc4 22. Nb5 a6 23. Nc3 O-O 24. d5 exd5 25. Nxd5 Rfe8 26. Kb1 Rbc8 27.
Nf5 Nd2+ 28. Ka1 Nxe4 29. Nxd6 Nxd6 30. Rxe8+ Rxe8 31. Rc1 Bf3 32. Nb6 g6 33.
Nd7 Bc6 34. Nf6+ Kf8 35. Nxe8 Kxe8 36. Re1+ Kf8 37. h4 Nf5 38. Re3 Nxe3 0-1

[Event "4NCL Online Division 6"]
[Site "online"]
[Date "2020.10.06"]
[Round "4.55"]
[White "Wilby, Robert G"]
[Black "Dobbie, Graham"]
[Result "0-1"]
[WhiteElo "1675"]
[BlackElo "1823"]
[PlyCount "72"]
[EventDate "2020.10.06"]
[WhiteTeam "Plymouth 2"]
[BlackTeam "East Kilbride Rovers"]

1. d4 d5 2. e3 c5 3. dxc5 Qa5+ 4. c3 Qxc5 5. Nd2 Nf6 6. Bd3 Bg4 7. Qc2 Nbd7 8.
b4 Qc7 9. f4 e6 10. Ngf3 Rc8 11. Bb2 Bxb4 12. Rc1 Bc5 13. Nd4 Bxd4 14. cxd4
Qxc2 15. Bxc2 Nb6 16. O-O O-O 17. h3 Bf5 18. Bxf5 exf5 19. Rc5 Na4 20. Rb5 Rc2
21. Ba3 Rfc8 22. Nb3 b6 23. Rb4 Nc3 24. Nc1 Nxa2 25. Nxa2 Rxa2 26. Bb2 Rc2 27.
Rb1 Ne4 28. Rc1 Raxb2 29. Rxc2 Rxc2 30. Rb5 Nc3 31. Rb3 Kf8 32. g4 fxg4 33.
hxg4 Ke7 34. Kf1 Ne4 35. Rb5 Kd6 36. Rb1 Nd2+ 0-1

[Event "4NCL Online Division 6"]
[Site "online"]
[Date "2020.10.06"]
[Round "4.56"]
[White "Shrestha, Deepesh"]
[Black "Wright, Andrew D"]
[Result "1-0"]
[WhiteElo "1131"]
[BlackElo "1517"]
[PlyCount "67"]
[EventDate "2020.10.06"]
[WhiteTeam "East Kilbride Rovers"]
[BlackTeam "Plymouth 2"]

1. d4 f5 2. Bf4 Nf6 3. e3 e6 4. Bd3 Nc6 5. c3 Bd6 6. Bxd6 cxd6 7. Nf3 b6 8.
Nbd2 Bb7 9. Qb3 Qe7 10. h3 O-O-O 11. Bb5 e5 12. O-O-O Na5 13. Qa3 Kb8 14. dxe5
Rc8 15. exf6 Qxf6 16. Nd4 Rc5 17. Bxd7 Qf7 18. Bxf5 Rxf5 19. Nxf5 Qxf5 20.
Qxd6+ Ka8 21. Qf4 Qc5 22. Qd4 Qf5 23. Qxg7 Rc8 24. Qg4 Qf6 25. Ne4 Qe5 26. Rd4
Re8 27. Nd6 Rf8 28. Nxb7 Nxb7 29. Rhd1 Qf6 30. R1d2 Nc5 31. Rf4 Qe7 32. Rxf8+
Qxf8 33. Qf3+ Kb8 34. Qxf8+ 1-0

[Event "4NCL Online Division 6"]
[Site "online"]
[Date "2020.10.06"]
[Round "4.57"]
[White "Caleshu, Caleb"]
[Black "Nagar, Nikunj"]
[Result "1-0"]
[WhiteElo "1480"]
[BlackElo "653"]
[PlyCount "151"]
[EventDate "2020.10.06"]
[WhiteTeam "Plymouth 2"]
[BlackTeam "East Kilbride Rovers"]

1. e4 c5 2. Nf3 Nc6 3. d4 cxd4 4. Nxd4 Nxd4 5. Qxd4 Qb6 6. Qxb6 axb6 7. Nc3 e6
8. Nb5 Kd8 9. Bg5+ f6 10. Be3 Bc5 11. Bxc5 bxc5 12. O-O-O Rxa2 13. Nd6 Ra1+ 14.
Kd2 Rxd1+ 15. Kxd1 Ne7 16. Nf7+ Ke8 17. Nxh8 Kf8 18. Bd3 Kg8 19. Re1 Kxh8 20.
e5 f5 21. h3 Kg8 22. g4 fxg4 23. hxg4 b6 24. Rh1 h6 25. Re1 Bb7 26. Be4 Ba6 27.
Bd3 Bb7 28. Bb5 Bf3+ 29. Be2 Bb7 30. Kd2 Kf7 31. f4 Ng6 32. Rf1 Bc6 33. Bd3 Ne7
34. c4 g6 35. f5 Bg2 36. Rf2 Bh3 37. fxg6+ Kg7 38. Rf7+ Kg8 39. Rxe7 Bxg4 40.
Rxd7 h5 41. Be2 Bf5 42. Bxh5 Kh8 43. g7+ Kg8 44. Bf7+ Kxg7 45. Bxe6+ Kg6 46.
Bxf5+ Kxf5 47. Rd6 Kxe5 48. Rxb6 Kd4 49. Rd6+ Kxc4 50. Kc2 Kb4 51. b3 c4 52.
bxc4 Kxc4 53. Kd2 Kc5 54. Rd8 Kc6 55. Ke3 Kc7 56. Rd1 Kc6 57. Ke4 Kc5 58. Rd2
Kc6 59. Ke5 Kc7 60. Ke6 Kc8 61. Ke7 Kc7 62. Rc2+ Kb6 63. Kd6 Kb5 64. Kd5 Kb4
65. Kd4 Kb3 66. Rc8 Kb2 67. Kd3 Kb1 68. Kd2 Kb2 69. Rb8+ Ka3 70. Kc3 Ka4 71.
Kc4 Ka5 72. Rb1 Ka6 73. Kc5 Ka7 74. Kc6 Ka8 75. Kc7 Ka7 76. Ra1# 1-0

[Event "4NCL Online Division 6"]
[Site "online"]
[Date "2020.10.06"]
[Round "4.58"]
[White "Pardeshi, Prachi"]
[Black "Tatam, Anthony"]
[Result "0-1"]
[WhiteElo "523"]
[BlackElo "1450"]
[PlyCount "102"]
[EventDate "2020.10.06"]
[WhiteTeam "East Kilbride Rovers"]
[BlackTeam "Plymouth 2"]

1. e4 e5 2. Nf3 Nc6 3. Nc3 Nf6 4. d4 exd4 5. Nxd4 Nxd4 6. Qxd4 d6 7. Bg5 Be7 8.
Bd3 O-O 9. O-O-O c5 10. Qc4 Be6 11. Nd5 Nxd5 12. Bxe7 Nxe7 13. Qc3 a6 14. f4 b5
15. a3 Rc8 16. e5 d5 17. b3 Qb6 18. b4 cxb4 19. Qxb4 Nc6 20. Qb2 Rb8 21. f5 Bd7
22. g4 Qe3+ 23. Kb1 Qxe5 24. Qxe5 Nxe5 25. Be2 Bc6 26. Rhg1 Nc4 27. Ka2 Rfe8
28. Bf3 Ne3 29. Rd2 a5 30. h4 Nc4 31. Rd3 Re3 32. Rgd1 Rxd3 33. Rxd3 Ne5 34.
Rc3 b4 35. Rc5 Rb5 36. Rxb5 Bxb5 37. axb4 Bc4+ 38. Ka3 axb4+ 39. Kxb4 Nxf3 40.
h5 Ne5 41. g5 f6 42. g6 h6 43. Kc5 Kf8 44. Kd6 d4 45. Kc5 d3 46. cxd3 Bxd3 47.
Kd6 Bxf5 48. Kc7 Bg4 49. Kd6 Bxh5 50. Ke6 Bxg6 51. Kd6 h5 0-1

[Event "4NCL Online Division 6"]
[Site "online"]
[Date "2020.10.06"]
[Round "4.65"]
[White "Sanfey, Peter"]
[Black "Chapman, Chas"]
[Result "0-1"]
[WhiteElo "1270"]
[BlackElo "1592"]
[PlyCount "86"]
[EventDate "2020.10.06"]
[WhiteTeam "Barnet Knights E"]
[BlackTeam "War & Piece 2"]

1. e4 c5 2. Nf3 d6 3. d4 cxd4 4. Nxd4 g6 5. c3 Nf6 6. Bd3 Bg7 7. O-O O-O 8. Be3
Ng4 9. Nd2 Nxe3 10. fxe3 Nc6 11. b4 Ne5 12. Be2 a6 13. a4 Bh6 14. Nc2 Qc7 15.
c4 Be6 16. Rc1 Bxc4 17. Nxc4 Nxc4 18. Bxc4 Qxc4 19. Rf2 Qxe4 20. Qe2 Rac8 21.
Rff1 Rc4 22. a5 Rfc8 23. Qf2 Bxe3 24. Nxe3 Rxc1 25. Qxf7+ Kh8 26. Nd5 Rxf1+ 27.
Kxf1 Rc1+ 28. Kf2 Qh4+ 29. Ke3 Qe1+ 30. Kf3 Rc8 31. Ne3 Rg8 32. Qxe7 Qc3 33.
Qxd6 Qg7 34. Nd5 Qf7+ 35. Kg4 Qf5+ 36. Kg3 Qg5+ 37. Kf3 Qf5+ 38. Kg3 Qg5+ 39.
Kf3 Rd8 40. Qe6 Rxd5 41. Qe8+ Kg7 42. Qc8 Rd3+ 43. Ke4 Qe3# 0-1